| 000 | 01281nam0a22003491 4500 | ||
|---|---|---|---|
| 001 | RU\INFOCOMM_317\NLR\5000022202 | ||
| 005 | 20250624202755.0 | ||
| 035 | _a(NLR Aleph) 010936146 | ||
| 090 |
_a10735883 _c10735883 |
||
| 100 | _a20130321d1978 |||y0rusy50 ca | ||
| 101 | 0 |
_aeng _dfre |
|
| 102 | _aRU | ||
| 105 | _ay z ||||| | ||
| 200 | 1 |
_aOn selectivity of trawls with a mesh size of 120 and 135 mm. in codends when fishing cod in the Barents sea _fV. P. Ponomarenko, K. N. Nikeshin, V. I. Sakhno |
|
| 210 |
_aM. _d1978 |
||
| 215 |
_a12 с. _cграф. _d29 см |
||
| 225 | 1 |
_a[Papers _fIntern. council for the exploration of the sea. Fishing technology comm. _hSer.] B _v1978 N 9 |
|
| 300 | _aРез. на франц. яз. | ||
| 606 | 0 |
_aРыболовные тралы _2nlr_sh1 |
|
| 620 | _aМосква | ||
| 686 |
_aП722.54-5 _2rubbk |
||
| 700 | 1 |
_9z01790 _aPonomarenko _bV. P. _gVasilij Petrovič |
|
| 701 | 1 |
_9z02790 _aNikešin _bK. N. _gKonstantin Nikolaevič |
|
| 701 | 1 |
_9z03790 _aSachno _bV. I. _gViktor Ivanovic |
|
| 790 | 1 |
_9z01700 _aPonomarenko _bV. P. _4070 |
|
| 790 | 1 |
_9z02701 _aNikeshin _bK. N. _4070 |
|
| 790 | 1 |
_9z03701 _aSakhno _bV. I. _4070 |
|
| 801 | 1 |
_aRU _bInfocomm _c20130321 |
|
| 801 | 0 |
_aRU _bINFOCOMM _gPSBO |
|
| 852 |
_aNLR _jP8/937 |
||
| 942 | _cBOOK | ||
| 980 | _aNB | ||